| 000 | 00756nam a22001937a 4500 | ||
|---|---|---|---|
| 005 | 20180504154815.0 | ||
| 010 | _a1718EN-30 B-681948-956 | ||
| 020 |
_a9789382711872 _c250.00 |
||
| 035 | _aB-681948-956 | ||
| 037 |
_bPragati _adpl |
||
| 082 | _a954.035092 | ||
| 100 | _aWarrier, Shobha | ||
| 245 |
_aHis days with Bapu : _cby Shobha Warrier _bGandhi's personal secretary / |
||
| 260 |
_aNew Delhi _bVitastaa Pub. _c2015 |
||
| 270 |
_a2/15, Ansari Road, Daryaganj, _bNew Delhi _e110002 |
||
| 300 |
_axvi,136p. _c19cm(pbk) |
||
| 942 |
_2ddc _cEN _mWAR _h954.035092 |
||
| 999 |
_c145310 _d145310 |
||